Postupy vyrovnania pre pridružené systémy TARGET2-SK

Subjekty vyzužívajúce platobný systém TARGET2 a dodržiavanie postupov vyrovnania pre pridružené systémy ktorým sa vyrovnávajú všetky pohľadávky a záväzky účastníkov platobného systému TARGET2. Rozhodnutie NBS č. 4/2010 o postupoch vyrovnania pre pridružené systémy TARGET2-SK.

Gespeichert in:
Bibliographische Detailangaben
1. Verfasser: Boušková, Dagmar
Format: Buchkapitel
Sprache:Slowakisch
Schlagworte:
Tags: Tag hinzufügen
Keine Tags, Fügen Sie das erste Tag hinzu!

MARC

LEADER 00000naa$a2200000$$$4500
001 0146751
005 20240502072641.4
041 0 |a slo 
044 |a SK 
245 1 0 |a Postupy vyrovnania pre pridružené systémy TARGET2-SK  |c Dagmar Boušková 
520 |a Subjekty vyzužívajúce platobný systém TARGET2 a dodržiavanie postupov vyrovnania pre pridružené systémy ktorým sa vyrovnávajú všetky pohľadávky a záväzky účastníkov platobného systému TARGET2. Rozhodnutie NBS č. 4/2010 o postupoch vyrovnania pre pridružené systémy TARGET2-SK. 
610 2 0 |a účtovníctvo 
610 2 0 |a evidencia účtovná 
610 2 0 |a operácie účtovné 
610 2 0 |a vedenie účtovníctva 
610 2 0 |a systémy účtovné 
610 2 0 |a účtovníctvo bankové 
610 2 0 |a likvidita 
610 2 0 |a banky centrálne 
610 2 0 |a systémy platobné 
100 1 |a Boušková, Dagmar